00393nam a2200157Ia 450000500170000000800410001704000190005804100120007708200160008910000160010524500370012126000380015830000100019665000190020685000100022520230327094300.0131103s9999 xx 000 0 und d aLoreto College aEnglish a822.91bMAT aMathew, Ray aSouth of the EquatorcRay Mathew aLondonbAngus and Robertsonc1961 a72p.  aEnglish poetry aLCLIB